000 00340nam a22001577a 4500
003 SGT
020 _a9788180388927
082 _a340,SIN
100 _aSINGH,AVTAR
245 _aINTRODUCTION TO JURISPRUDENCE
250 _a4TH
260 _aGURGAON
_bLEXIS NEXIS
_c2015
300 _a463
650 _a JURISPRUDENCE
942 _2ddc
_cBK
_03
999 _c11030
_d11030